| 000 -LEADER |
| fixed length control field |
01602cam a22003857i 4500 |
| 001 - CONTROL NUMBER |
| control field |
19113259 |
| 005 - DATE AND TIME OF LATEST TRANSACTION |
| control field |
20221103114525.0 |
| 008 - FIXED-LENGTH DATA ELEMENTS--GENERAL INFORMATION |
| fixed length control field |
160527t20162016njua j 000 0 eng |
| 010 ## - LIBRARY OF CONGRESS CONTROL NUMBER |
| LC control number |
2016943219 |
| 020 ## - INTERNATIONAL STANDARD BOOK NUMBER |
| International Standard Book Number |
9781119291220 |
| Qualifying information |
(paperback) |
| 020 ## - INTERNATIONAL STANDARD BOOK NUMBER |
| International Standard Book Number |
1119291224 |
| Qualifying information |
(paperback) |
| 020 ## - INTERNATIONAL STANDARD BOOK NUMBER |
| Canceled/invalid ISBN |
9781119291282 |
| Qualifying information |
(ebook) |
| 020 ## - INTERNATIONAL STANDARD BOOK NUMBER |
| Canceled/invalid ISBN |
9781119291299 |
| Qualifying information |
(ebook) |
| 035 ## - SYSTEM CONTROL NUMBER |
| System control number |
(OCoLC)ocn954093116 |
| 040 ## - CATALOGING SOURCE |
| Original cataloging agency |
AU@ |
| Language of cataloging |
eng |
| Transcribing agency |
AU@ |
| 082 04 - DEWEY DECIMAL CLASSIFICATION NUMBER |
| Classification number |
620.1,MCC |
| 100 1# - MAIN ENTRY--PERSONAL NAME |
| Personal name |
McCue, Camille, |
| Relator term |
author. |
| 9 (RLIN) |
102298 |
| 245 10 - TITLE STATEMENT |
| Title |
Getting started with engineering / |
| Statement of responsibility, etc. |
Camille McCue, PhD. |
| 264 #1 - PRODUCTION, PUBLICATION, DISTRIBUTION, MANUFACTURE, AND COPYRIGHT NOTICE |
| Place of production, publication, distribution, manufacture |
Hoboken, New Jersey : |
| Name of producer, publisher, distributor, manufacturer |
John Wiley & Sons, |
| Date of production, publication, distribution, manufacture, or copyright notice |
[2016] |
| 264 #4 - PRODUCTION, PUBLICATION, DISTRIBUTION, MANUFACTURE, AND COPYRIGHT NOTICE |
| Date of production, publication, distribution, manufacture, or copyright notice |
©2016 |
| 300 ## - PHYSICAL DESCRIPTION |
| Extent |
122 pages : |
| Other physical details |
color illustrations ; |
| Dimensions |
22 cm. |
| 336 ## - CONTENT TYPE |
| Content type term |
text |
| Content type code |
txt |
| Source |
rdacontent |
| 336 ## - CONTENT TYPE |
| Content type term |
still image |
| Content type code |
sti |
| Source |
rdacontent |
| 337 ## - MEDIA TYPE |
| Media type term |
unmediated |
| Media type code |
n |
| Source |
rdamedia |
| 338 ## - CARRIER TYPE |
| Carrier type term |
volume |
| Carrier type code |
nc |
| Source |
rdacarrier |
| 490 1# - SERIES STATEMENT |
| Series statement |
Dummies junior |
| 505 0# - FORMATTED CONTENTS NOTE |
| Formatted contents note |
Project 1. Engineering 101 (Page-5), Project 2. Touchdown Mars (Page-13), Project 3. The clock is ticking (Page-27), Project 4. Squeaky clean up (Page-42), Project 5. Load the bridge (Page-55), Project 6. Electric alien cap (Page-73), Project 7. Now you're cooking (Page-88), |
| 650 #0 - SUBJECT ADDED ENTRY--TOPICAL TERM |
| Topical term or geographic name entry element |
Engineering |
| General subdivision |
Experiments |
| Form subdivision |
Juvenile literature. |
| 9 (RLIN) |
102299 |
| 650 #0 - SUBJECT ADDED ENTRY--TOPICAL TERM |
| Topical term or geographic name entry element |
Science projects |
| Form subdivision |
Juvenile literature. |
| 9 (RLIN) |
102300 |
| 650 #7 - SUBJECT ADDED ENTRY--TOPICAL TERM |
| Topical term or geographic name entry element |
Engineering |
| General subdivision |
Experiments. |
| Source of heading or term |
fast |
| Authority record control number or standard number |
(OCoLC)fst00910357 |
| 9 (RLIN) |
40586 |
| 650 #7 - SUBJECT ADDED ENTRY--TOPICAL TERM |
| Topical term or geographic name entry element |
Science projects. |
| Source of heading or term |
fast |
| Authority record control number or standard number |
(OCoLC)fst01108755 |
| 9 (RLIN) |
102301 |
| 655 #7 - INDEX TERM--GENRE/FORM |
| Genre/form data or focus term |
Juvenile works. |
| Source of term |
fast |
| Authority record control number |
(OCoLC)fst01411637 |
| 9 (RLIN) |
94697 |
| 830 #0 - SERIES ADDED ENTRY--UNIFORM TITLE |
| Uniform title |
Dummies junior. |
| 9 (RLIN) |
102302 |
| 942 ## - ADDED ENTRY ELEMENTS (KOHA) |
| Source of classification or shelving scheme |
|
| Koha item type |
Book |